000 00701nam a2200289Ia 4500
005 20260324115838.0
008 008 260324s9999 xx 000 0 eng d
020 _a9780429255144
037 _aEBOOK
040 _aCRL
040 _beng
040 _cCRL
041 _2eng
041 _aeng
084 _qCRL
100 _aChris A. Ortiz
_91156232
245 4 _aThe Cell Manufacturing Playbook
245 2 _bA Step-by-Step Guideline for the Lean Practitioner
260 _bTaylor and Francis
260 _c2016
365 _a
365 _b255
856 _uhttp://www.taylorfrancis.com/books/9780429255144
942 _cEBOOK
999 _c1747411
_d1747411